| 000 | 01761cam a22003734i 4500 | ||
|---|---|---|---|
| 999 |
_c1349 _d1349 |
||
| 001 | 18849573 | ||
| 003 | OSt | ||
| 005 | 20221228150857.0 | ||
| 008 | 151107s2016 nyua j b 001 0 eng | ||
| 010 | _a 2015042104 | ||
| 020 | _a9780778780939 (paperback : alkaline paper) | ||
| 040 |
_aDLC _beng _cDLC _erda _dDLC _dKH8 |
||
| 042 | _apcc | ||
| 043 | _ae-ne--- | ||
| 082 | 0 | 0 |
_a394.269492 SPE _223 |
| 100 | 1 |
_aSpence, Kelly, _eauthor. |
|
| 245 | 1 | 0 |
_aCultural traditions in the Netherlands / _cKelly Spence. |
| 264 | 1 |
_aNew York, New York : _bCrabtree Publishing, _c[2016] |
|
| 300 |
_a32 pages : _bcolor illustrations ; _c28 cm. |
||
| 336 |
_atext _2rdacontent |
||
| 337 |
_aunmediated _2rdamedia |
||
| 338 |
_avolume _2rdacarrier |
||
| 490 | 0 | _aCultural traditions in my world | |
| 504 | _aIncludes bibliographical references and index. | ||
| 505 | 0 | _aWelcome to the Netherlands -- Special days -- Happy New Year! -- National Tulip Day -- Carnival -- Easter -- King's Day -- National Mill Day -- National Remembrance Day and Liberation Day -- Ascension Day and Pentecost -- Flag Day -- St. Martin's Day -- Sinterklaas -- Christmas. | |
| 650 | 0 |
_aHolidays _zNetherlands _vJuvenile literature. |
|
| 650 | 0 |
_aFestivals _zNetherlands _vJuvenile literature. |
|
| 650 | 0 |
_aFasts and feasts _zNetherlands _vJuvenile literature. |
|
| 651 | 0 |
_aNetherlands _xSocial life and customs _vJuvenile literature. |
|
| 776 | 0 | 8 |
_iOnline version: _aSpence, Kelly, author. _tCultural traditions in the Netherlands _dNew York, New York : Crabtree Publishing, [2016] _z9781427180957 _w(DLC) 2015045084 |
| 906 |
_a7 _bcbc _corignew _d1 _eecip _f20 _gy-gencatlg |
||
| 942 |
_2ddc _cNFIC |
||